Kompas kreativního marketingu

Kreativný marketingový program. Kreativná stratégia a kreativný program. Konkrétny príklad formulácie marketingovej stratégie pre propagáciu a predaj. Zásady marketingového programu. Optimálna štruktúra marketingového plánu. Optimálny obraz o tímovej práci. Proces strategického plánovania.

Guardado en:
Detalles Bibliográficos
Autor principal: Nekovář, Milan
Formato: Capítulo de libro
Lenguaje:checo
Materias:
Etiquetas: Agregar Etiqueta
Sin Etiquetas, Sea el primero en etiquetar este registro!

MARC

LEADER 00000naa$a2200000$$$4500
001 0004408
005 20231004101130.1
041 0 |a cze 
044 |a CZ 
245 1 0 |a Kompas kreativního marketingu  |c aut. Milan Nekovář 
520 |a Kreativný marketingový program. Kreativná stratégia a kreativný program. Konkrétny príklad formulácie marketingovej stratégie pre propagáciu a predaj. Zásady marketingového programu. Optimálna štruktúra marketingového plánu. Optimálny obraz o tímovej práci. Proces strategického plánovania. 
610 2 0 |a marketing 
610 2 0 |a stratégia marketingová 
610 2 0 |a podnikanie 
610 2 0 |a stratégia podniková 
610 2 0 |a propagácia 
610 2 0 |a firmy 
100 1 |a Nekovář, Milan